| 000 | 00615nam a2200205 i 4500 | ||
|---|---|---|---|
| 001 | 150102 | ||
| 003 | ES-MaACL | ||
| 005 | 20250624062530.0 | ||
| 007 | t| | ||
| 008 | 071026s1971 sp ||||1| spa d | ||
| 080 | _a821.134.2-23"19" | ||
| 100 | 1 |
_aValle-Inclán, Ramón del, _d1866-1936 _9112796 |
|
| 245 | 1 | 0 |
_aRomance de lobos _b; Divinas palabra ; Luces de bohemia / _cRamón del Valle-Inclán. |
| 260 |
_a[Madrid] : _bAguilar, _c[1971] |
||
| 300 |
_a260 p. ; _c21 cm. |
||
| 740 | 0 | _aDivinas palabras. | |
| 740 | 0 | _aLuces de bohemia. | |
| 852 |
_aES-MaACL _jC-39781 _bR.76345 |
||
| 999 |
_c150102 _d150102 |
||